Questions-réponses sur Le Crotoy - Statistiques

Statistiques générales
  • Ce quiz a été pris 15 fois
  • Le résultat moyen est 8 sur 12
Statistiques - réponses
Questions Réponses % Correct
Mammifère marin visible à marée basse sur la baie au moyen d'une longue vue ou de jumelles Phoque
93%
Région historique d'avant 2016 ou province d'avant 1790 dans laquelle se situe Le Crotoy Picardie
93%
Héroïne de l'histoire de France célèbre pour sa Triple Donation qui fut emprisonnée au château du Crotoy pendant près d'un mois en 1430 Sainte Jeanne d'Arc
93%
Baie qui borde Le Crotoy du nom du fleuve qui s'y jette (Baie de ____) Somme
86%
Auteur de romans d'aventures et de science-fiction qui séjourna pendant huit ans au Crotoy dans sa villa "La solitude" Jules Verne
79%
Village limitrophe du Crotoy d'où partit le gros de la flotte de Guillaume le Conquérant à la conquête de l'Angleterre en 1066 Saint-Valery-sur-Somme
71%
Les frères Caudron furent des pionniers de l'_______ et fondèrent l'une des premières écoles dans ce domaine au Crotoy en 1910 Aviation
64%
Ville située à une vingtaine de kilomètres du Crotoy connue pour son Église Saint-Jacques détruite en 2013 Abbeville
57%
Artiste, inventeur du pointillisme, auteur des tableaux "Le Crotoy amont" et "Le Crotoy aval" Georges Seurat
43%
Film de 1967 dans lequel Michel Audiard faisait dire à Bernard Blier : "Fini la p'tite auto, fini les vacances au Crotoy, fini l'Tiercé !" Un idiot à Paris
36%
Le tome 3 de cette bande dessinée créée par Yann et Henriet (Dupuis, 2020) a pour titre "Le Crotoy". Le récit est inspiré de l'histoire vraie de Bessie Coleman, femme originaire du Texas, de mère noire et de père amérindien, qui fuyant la ségrégation raciale aux États-Unis, fréquenta l'école des frères Caudron vers 1920-1921. Black Squaw
29%
Roman à succès qu'il écrivit au Crotoy et qui parut en 1869-1870. Vingt mille lieues sous les mers
29%
Aucun quiz correspondant
Distribution des résultats
% des personnes avec chaque résultat
Percentile par nombre de réponses
Votre historique - résultats
Vous n’avez pas pris ce quiz